[Event "AUTO-INT-3937"]
[Site "http://www.queenalice.com/game.php?id=1859133"]
[Date "2025.6.24"]
[Round "1"]
[White "jenyasm"]
[Black "Piondanslevent"]
[Result "0-1"]
[WhiteElo "1416"]
[BlackElo "1505"]

1. e4 d6 2. d3 e5 3. Nf3 Nf6 4. h3 c5 5. Nc3 a6 6. a3 b5 7. g3 Be7 8. Bg2 O-O 9.
O-O Bb7 10. Ne2 Nc6 11. Bg5 h6 12. Bxf6 Bxf6 13. Nc3 Ne7 14. Nh2 b4 15. axb4
cxb4 16. Na4 Nc6 17. b3 a5 18. Ng4 Nd4 19. Nb2 h5 20. Nxf6+ Qxf6 21. Rc1 g6 22.
Nc4 Bc6 23. Nb6 Rab8 24. Nc4 a4 25. bxa4 Bxa4 26. Ne3 b3 0-1

[Event "AUTO-INT-3937"]
[Site "http://www.queenalice.com/game.php?id=1859134"]
[Date "2025.6.24"]
[Round "1"]
[White "Piondanslevent"]
[Black "jenyasm"]
[Result "1-0"]
[WhiteElo "1517"]
[BlackElo "1404"]

1. e4 e5 2. c3 Nc6 3. Bb5 d6 4. Bxc6+ bxc6 5. Nf3 Nf6 6. d3 c5 7. O-O h5 8. c4
Bg4 9. h3 Bxf3 10. Qxf3 Be7 11. a3 g6 12. b4 cxb4 13. axb4 Qb8 14. Bd2 Qb7 15.
b5 a6 16. bxa6 Rxa6 17. Rxa6 Qxa6 18. Nc3 O-O 19. g4 hxg4 20. hxg4 Nh7 21. Nd5
Bd8 22. Kg2 Qa2 23. Bh6 Re8 24. Kg3 c6 25. Nc3 Qb2 26. Ne2 Bg5 27. Bxg5 1-0

[Event "AUTO-INT-3937"]
[Site "http://www.queenalice.com/game.php?id=1859149"]
[Date "2025.6.24"]
[Round "1"]
[White "Jomaley"]
[Black "Piondanslevent"]
[Result "0-1"]
[WhiteElo "1485"]
[BlackElo "1533"]

1. e4 e5 2. Nf3 d6 3. Bb5+ c6 4. Bd3 b5 5. c4 b4 6. b3 a5 7. a3 bxa3 8. Rxa3 c5
9. Nc3 Nf6 10. O-O Be7 11. h3 O-O 12. Nh4 Bb7 13. Nf5 Qd7 14. Nxe7+ Qxe7 15. Nd5
Nc6 16. f3 Nxd5 17. cxd5 Nb4 18. Bb1 Ba6 19. Rxa5 Bxf1 20. Rxa8 Rxa8 21. Qxf1 f6
22. d3 g5 23. Bd2 h6 24. Bxb4 cxb4 25. d4 Ra1 26. dxe5 fxe5 27. Kh2 Qc7 28. Qd3
Qc1 29. Qb5 Rxb1 30. Qe8+ Kg7 31. Qe7+ Kh8 32. Qf6+ Kh7 33. Qxd6 Rxb3 34. Qxe5
Qd2 35. d6 Rxf3 36. Qe7+ Kg6 37. d7 Rd3 38. Qe8+ Kh7 39. Qf7+ Kh8 40. Qf8+ Kh7
41. Qf7+ Kh8 42. Qe8+ Kg7 43. e5 b3 44. e6 Qf4+ 45. Kg1 Rd1# 0-1

[Event "AUTO-INT-3937"]
[Site "http://www.queenalice.com/game.php?id=1859150"]
[Date "2025.6.24"]
[Round "1"]
[White "Piondanslevent"]
[Black "Jomaley"]
[Result "1-0"]
[WhiteElo "1518"]
[BlackElo "1502"]

1. d4 d5 2. b3 e6 3. Nf3 f6 4. e3 Bb4+ 5. Bd2 a5 6. Bxb4 axb4 7. c3 bxc3 8. Nxc3
Ne7 9. Bd3 c6 10. O-O h5 11. a4 h4 12. e4 dxe4 13. Bxe4 Nf5 14. Bxf5 exf5 15. b4
g5 16. Qd3 g4 17. Nd2 h3 18. gxh3 Rxh3 19. Rae1+ Kf8 20. f3 gxf3 21. Rxf3 Rxf3
22. Nxf3 Na6 23. b5 cxb5 24. axb5 Nb4 25. Qc4 Nc2 26. Qc5+ Kg7 27. Re7+ Kg6 28.
Re2 Na3 29. b6 Bd7 30. Nd5 Nb1 31. Qd6 Ra1 32. Re1 Nd2 33. Rxa1 Nxf3+ 34. Kg2
Nxd4 35. Ra7 Qe8 36. Qxf6+ Kh5 37. Qxd4 Qe2+ 38. Qf2 Qg4+ 39. Qg3 Bc6 40. Qxg4+
fxg4 41. Ra5 Kh4 42. Kf2 Kh3 43. Kg1 g3 44. hxg3 Kxg3 45. Ne7 Be8 46. Kf1 1-0

[Event "AUTO-INT-3937"]
[Site "http://www.queenalice.com/game.php?id=1859159"]
[Date "2025.6.24"]
[Round "1"]
[White "Castling"]
[Black "Piondanslevent"]
[Result "1-0"]
[WhiteElo "1709"]
[BlackElo "1464"]

1. e4 e5 2. Bc4 Nf6 3. d3 Bb4+ 4. Bd2 Bd6 5. h3 O-O 6. Bg5 Be7 7. Nf3 c6 8. Nc3
b5 9. Bb3 a6 10. Nxe5 d6 11. Nf3 Re8 12. Qd2 Bb7 13. O-O-O a5 14. a3 b4 15. Nb1
c5 16. Rhe1 a4 17. Bxf6 Bxf6 18. Bd5 Bxd5 19. exd5 bxa3 20. Nxa3 Na6 21. c3 Qd7
22. c4 Nb4 23. Kb1 Reb8 24. Nb5 g6 25. Re2 Ra6 26. Rde1 Rxb5 27. Qh6 Nxd3 28.
Re8+ 1-0

[Event "AUTO-INT-3937"]
[Site "http://www.queenalice.com/game.php?id=1859160"]
[Date "2025.6.24"]
[Round "1"]
[White "Piondanslevent"]
[Black "Castling"]
[Result "0-1"]
[WhiteElo "1467"]
[BlackElo "1761"]

1. d4 d5 2. b3 Nc6 3. c3 Nf6 4. b4 e6 5. b5 Na5 6. a4 Bd6 7. e3 b6 8. Bb2 Nc4 9.
Bc1 Ne4 10. Bxc4 dxc4 11. Bb2 Bb7 12. Nf3 h6 13. O-O Qf6 14. Nbd2 Nxd2 15. Nxd2
O-O 16. e4 e5 17. d5 Bc8 18. Nxc4 Bd7 19. f3 Bc5+ 20. Kh1 a5 21. bxa6 Rxa6 22.
a5 b5 23. Nd2 Rfa8 24. g4 Rxa5 25. Rxa5 Rxa5 26. c4 b4 27. f4 Bd4 28. fxe5 Qxe5
29. Bxd4 Qxd4 30. h3 Ra3 31. Kh2 Rd3 0-1

[Event "Challenge"]
[Site "http://www.queenalice.com/game.php?id=1860544"]
[Date "2025.7.25"]
[Round "-"]
[White "Piondanslevent"]
[Black "okiwiz"]
[Result "0-1"]
[WhiteElo "1528"]
[BlackElo "1773"]

1. d4 d5 2. c3 e6 3. e3 Bd6 4. Nf3 Nd7 5. Bd3 f5 6. O-O Ngf6 7. c4 c6 8. c5 Bc7
9. b4 Ne4 10. Bb2 O-O 11. a4 Rf6 12. b5 Rh6 13. Re1 Qe8 14. g3 Ndf6 15. Qb3 Ng4
16. h4 Nexf2 17. Kg2 Ne4 18. Nbd2 Nxg3 19. Nf1 Ne4 20. bxc6 Rb8 21. cxb7 Rxb7
22. Qc2 Qg6 23. Kh1 Ngf2+ 24. Qxf2 Nxf2# 0-1

[Event "Challenge"]
[Site "http://www.queenalice.com/game.php?id=1862426"]
[Date "2025.9.2"]
[Round "-"]
[White "Piondanslevent"]
[Black "dosoldini"]
[Result "1/2-1/2"]
[WhiteElo "1545"]
[BlackElo "1618"]

1. d4 d5 2. c3 Bf5 3. e3 Qd7 4. Nf3 f6 5. Bd3 Qe6 6. O-O a6 7. b4 Nh6 8. Qc2 Be4
9. Bxe4 dxe4 10. Nfd2 c6 11. Qxe4 Qf7 12. a3 e6 13. c4 Nd7 14. c5 f5 15. Qf3 e5
16. Re1 Be7 17. Nc3 O-O 18. dxe5 Nxe5 19. Qe2 Qg6 20. g3 f4 21. exf4 Nd3 22. Rd1
Bh4 23. Kf1 Bf6 24. Qe6+ Nf7 25. Bb2 Nxb2 26. Re1 Qd3+ 27. Kg1 Qxd2 28. Ne4 Nd3
29. Nxf6+ gxf6 30. Qxf6 Qxf2+ 31. Kh1 Qf3+ 32. Kg1 Qf2+ 33. Kh1 Qf3+ 34. Kg1
Qf2+ 1/2-1/2

[Event "AUTO-INT-3943"]
[Site "http://www.queenalice.com/game.php?id=1862433"]
[Date "2025.9.2"]
[Round "1"]
[White "Piondanslevent"]
[Black "jogo"]
[Result "0-1"]
[WhiteElo "1547"]
[BlackElo "1902"]

1. d4 Nf6 2. c4 e6 3. e3 Bb4+ 4. Bd2 Bxd2+ 5. Nxd2 O-O 6. e4 d5 7. exd5 exd5 8.
c5 Re8+ 9. Be2 Bg4 10. h3 Bxe2 11. Nxe2 Qe7 12. b4 Nbd7 13. a4 Nh5 14. g4 Nf4
15. Kf1 Nxe2 16. Nf3 Qe4 17. Kg2 Nf6 18. Re1 Nxg4 19. Ra2 Nf4+ 20. Kg3 Nh5+ 21.
Kg2 Nf4+ 22. Kg3 Nh5+ 23. Kg2 Qg6 24. hxg4 Qxg4+ 25. Kf1 Nf4 26. Ne5 Qg2# 0-1

[Event "AUTO-INT-3943"]
[Site "http://www.queenalice.com/game.php?id=1862435"]
[Date "2025.9.2"]
[Round "1"]
[White "Piondanslevent"]
[Black "renet54"]
[Result "0-1"]
[WhiteElo "1550"]
[BlackElo "1596"]

1. d4 d5 2. b3 Nf6 3. c4 e6 4. c5 Nbd7 5. b4 c6 6. e3 Be7 7. Nf3 O-O 8. b5 Re8
9. bxc6 bxc6 10. Bd3 Nf8 11. O-O Ng6 12. Bxg6 fxg6 13. Nc3 Ba6 14. Ne2 Ne4 15.
Bb2 Bxe2 16. Qxe2 Rb8 17. Bc1 Nc3 18. Qd2 Ne4 19. Qe2 Qc7 20. Ne5 Bf6 21. Ng4
Nc3 22. Qd3 Ne4 23. f3 Ng3 24. Nxf6+ gxf6 25. hxg3 Qxg3 26. a4 f5 27. f4 Re7 28.
Rf3 Qg4 29. a5 Rbe8 30. Kf2 Qh4+ 31. Kg1 Rb8 32. Qe2 Reb7 33. Rh3 Qe7 34. a6 Rc7
35. Qf3 Rbc8 36. Qg3 Rb8 37. Kh2 Rb3 38. Qf2 h5 39. Qc2 Rb8 40. Bd2 e5 41. dxe5
Rb5 42. g3 Rxc5 43. Qb3 Kh7 44. Kg2 Rb5 45. Qd1 Qc5 46. Qe2 Rb2 47. Rc1 Qxc1 48.
Bxc1 Rxe2+ 49. Kf3 Rc2 0-1

[Event "AUTO-INT-3943"]
[Site "http://www.queenalice.com/game.php?id=1862436"]
[Date "2025.9.2"]
[Round "1"]
[White "renet54"]
[Black "Piondanslevent"]
[Result "1-0"]
[WhiteElo "1560"]
[BlackElo "1533"]

1. e4 e5 2. Nf3 d6 3. Bc4 Nf6 4. d4 Nxe4 5. Qe2 Bf5 6. O-O exd4 7. Nxd4 Be7 8.
Nxf5 d5 9. Nxg7+ Kf8 10. Bh6 Kg8 11. Ne6 fxe6 12. Qg4+ Bg5 13. Qxe6# 1-0

[Event "AUTO-INT-3943"]
[Site "http://www.queenalice.com/game.php?id=1862437"]
[Date "2025.9.2"]
[Round "1"]
[White "Piondanslevent"]
[Black "jenyasm"]
[Result "0-1"]
[WhiteElo "1520"]
[BlackElo "1637"]

1. e4 e5 2. d4 exd4 3. Qxd4 Nc6 4. Qe3 Nf6 5. Bd3 h6 6. Nf3 Be7 7. O-O O-O 8. c4
a6 9. b3 b6 10. a3 Bb7 11. b4 d6 12. Bb2 Nh5 13. b5 axb5 14. cxb5 Na7 15. a4 Bg5
16. Qe2 Re8 17. Nxg5 Qxg5 18. Qc2 Nf4 19. g3 Nxd3 20. Qxd3 Bxe4 21. Qc3 c5 22.
h4 Qg6 23. Kh2 f6 24. f3 Bf5 25. Qc4+ Be6 26. Qc3 d5 27. g4 Qf7 28. Kg3 Qg6 29.
Na3 d4 30. Qd2 Bb3 31. h5 Qf7 32. Rfe1 Rxe1 33. Rxe1 Bxa4 34. f4 Nxb5 35. Nc4
Qc7 36. Qe2 Nd6 37. Kf3 Bb5 38. Rc1 Bxc4 39. Qd2 Re8 40. Re1 Rxe1 41. Qxe1 Bd5+
42. Kf2 Ne4+ 43. Kf1 Qxf4+ 44. Ke2 Qxg4+ 45. Kd3 Qxh5 46. Kc2 Qh2+ 47. Kb1 Nd2+
48. Kc1 Nb3+ 49. Kb1 Qh1 50. Qxh1 Bxh1 51. Kc2 Bd5 0-1

[Event "AUTO-INT-3943"]
[Site "http://www.queenalice.com/game.php?id=1862438"]
[Date "2025.9.2"]
[Round "1"]
[White "jenyasm"]
[Black "Piondanslevent"]
[Result "1-0"]
[WhiteElo "1573"]
[BlackElo "1540"]

1. e4 d6 2. d4 e6 3. c3 g6 4. Nd2 Bg7 5. Ngf3 Ne7 6. h3 O-O 7. g3 c6 8. Bg2 e5
9. dxe5 dxe5 10. O-O b5 11. b4 a5 12. a3 Bb7 13. Bb2 axb4 14. axb4 Qd6 15. Rxa8
Bxa8 16. Qa1 Nd7 17. Rd1 Qc7 18. Nb3 Nb6 19. Nc5 Nc4 20. Nd2 Nb6 21. Ndb3 f5 22.
exf5 Nbd5 23. Ne6 Qb6 24. Nxf8 Bb7 25. Nd7 Qc7 26. Ndc5 Bc8 27. fxg6 Nxg6 28.
Kh2 Bf5 29. Bxd5+ cxd5 30. Rxd5 h5 31. Qe1 Bf6 32. Na6 Qc4 33. Qd1 Be6 34. Rd6
Qxb3 35. Qxb3 Bxb3 36. Rxf6 Kg7 37. Rb6 Bc4 38. Nc7 e4 39. Nxb5 Ne5 40. Nd6 Bd3
41. c4 1-0

[Event "Challenge"]
[Site "http://www.queenalice.com/game.php?id=1862578"]
[Date "2025.9.5"]
[Round "-"]
[White "Piondanslevent"]
[Black "okiwiz"]
[Result "0-1"]
[WhiteElo "1548"]
[BlackElo "1757"]

1. d4 e6 2. e3 d5 3. c4 c6 4. cxd5 cxd5 5. Nf3 Bd7 6. Bd3 Nf6 7. O-O Bd6 8. a3
O-O 9. Qc2 Bc6 10. b4 Nbd7 11. Bb2 Qe7 12. Nbd2 Rac8 13. b5 Bxb5 14. Qb3 Ba6 15.
Bxa6 bxa6 16. g3 Rb8 17. Qc2 Rfc8 18. Bc3 Rc7 19. Rfc1 Rbc8 20. Nb1 Ne4 21. Qb3
h6 22. a4 a5 23. Kg2 Bb4 24. Bxb4 axb4 25. Rxc7 Rxc7 26. a5 Nb8 27. Ra4 Nc6 28.
h3 Rb7 29. a6 Rb6 30. g4 Nb8 31. Ne5 Qh4 32. Qc2 b3 33. Qe2 Ng5 34. Kf1 Qxh3+
35. Ke1 f6 36. Ng6 Qh1+ 37. Kd2 Qxb1 38. f4 Ne4# 0-1

[Event "Challenge"]
[Site "http://www.queenalice.com/game.php?id=1864295"]
[Date "2025.10.15"]
[Round "-"]
[White "Capixaba789"]
[Black "Piondanslevent"]
[Result "1-0"]
[WhiteElo "1881"]
[BlackElo "1509"]

1. d4 c6 2. d5 c5 3. e4 d6 4. f4 e6 5. Nf3 Nf6 6. Bd3 b6 7. c4 a6 8. O-O Be7 9.
Nc3 a5 10. Bd2 O-O 11. Ne2 exd5 12. cxd5 Bb7 13. Ng3 Qd7 14. a4 Ba6 15. Bxa6
Nxa6 16. Nf5 c4 17. Bc3 Nc5 18. e5 dxe5 19. fxe5 Nxd5 20. Qc2 Nd3 21. Nxe7+ Qxe7
22. Bd4 Rfc8 23. Qe2 Rab8 24. Qe4 N5f4 25. Rad1 b5 26. axb5 Rxb5 27. Bc3 a4 28.
Nd4 Rbb8 29. Rxf4 Nxf4 30. Qxf4 h6 31. Qg3 Ra8 32. Nf5 Qf8 33. Nxh6+ Kh7 34. Nf5
a3 35. bxa3 Rxa3 36. Nd6 Rc7 37. Nf5 Rb7 38. Qh4+ Kg6 39. Qg4+ Kh7 40. Qxc4 g6
41. Nd6 Rd7 42. Rf1 Raa7 43. Qh4+ Kg7 44. Qf6+ Kg8 45. e6 1-0

[Event "Challenge"]
[Site "http://www.queenalice.com/game.php?id=1864296"]
[Date "2025.10.15"]
[Round "-"]
[White "Piondanslevent"]
[Black "Capixaba789"]
[Result "1-0"]
[WhiteElo "1525"]
[BlackElo "1752"]

1. d4 e5 2. dxe5 Bc5 3. e3 d5 4. a3 Nc6 5. Nf3 Nge7 6. Bb5 O-O 7. a4 Nf5 8. Bxc6
bxc6 9. b3 a5 10. Bb2 Ba6 11. Ba3 Bxa3 12. Nxa3 Re8 13. c4 Qe7 14. O-O dxc4 15.
Nxc4 Red8 16. Qc2 Nh6 17. Rfd1 Re8 18. Rd2 Qe6 19. Rad1 Nf5 20. Rd7 Bxc4 21.
bxc4 Rec8 22. Qc3 c5 23. Ng5 Qg6 24. Nxf7 Nh4 25. g3 Nf3+ 26. Kg2 Ng5 27. Nxg5
Qxg5 28. f4 Qg6 29. R1d5 1-0

[Event "Challenge"]
[Site "http://www.queenalice.com/game.php?id=1866212"]
[Date "2025.11.26"]
[Round "-"]
[White "okiwiz"]
[Black "Piondanslevent"]
[Result "1-0"]
[WhiteElo "1779"]
[BlackElo "1507"]

1. d4 d5 2. Bg5 c6 3. Nf3 Bg4 4. Ne5 Qc7 5. Bf4 f6 6. Ng6 Qb6 7. Nxh8 Qxb2 8.
Nd2 Qxd4 9. Be3 Qe5 10. Rb1 b5 11. Rb3 a5 12. Bc5 a4 13. Re3 Qc3 14. Rxc3 Nd7
15. e4 Nxc5 16. Qxg4 Nd7 17. exd5 cxd5 18. Bxb5 1-0

[Event "AUTO-INT-3955"]
[Site "http://www.queenalice.com/game.php?id=1867026"]
[Date "2025.12.13"]
[Round "1"]
[White "juim"]
[Black "Piondanslevent"]
[Result "1-0"]
[WhiteElo "1610"]
[BlackElo "1508"]

1. e4 e5 2. d4 exd4 3. Qxd4 Nc6 4. Qd5 Nf6 5. Qd3 Qe7 6. Bg5 Ne5 7. Nf3 Nxf3+ 8.
Qxf3 h6 9. Bf4 d6 10. Bd3 c5 11. Nc3 a6 12. O-O Bg4 13. Qe3 g6 14. Rfe1 b5 15.
Qd2 c4 16. Be2 Bg7 17. Bxd6 Qd7 18. e5 Bxe2 19. exf6 Bxf6 20. Qxe2+ Kd8 21. Rad1
Kc8 22. Be5 Qf5 23. Nd5 Bxe5 24. Ne7+ Kb7 25. Nxf5 Bxb2 26. Nd6+ 1-0

[Event "AUTO-INT-3955"]
[Site "http://www.queenalice.com/game.php?id=1867046"]
[Date "2025.12.13"]
[Round "1"]
[White "Piondanslevent"]
[Black "Yanni"]
[Result "0-1"]
[WhiteElo "1502"]
[BlackElo "1476"]

1. d4 d5 2. b3 Bf5 3. a4 a6 4. e3 Nc6 5. Bb2 h6 6. c3 e6 7. Nf3 Nf6 8. c4 Bb4+
9. Nbd2 Ne4 10. cxd5 exd5 11. Bd3 Bg4 12. O-O Bxd2 13. Bxe4 dxe4 14. Qxd2 exf3
15. Rfe1 O-O 16. b4 Qd6 17. b5 axb5 18. axb5 Ne7 19. gxf3 Bh3 20. f4 Qg6+ 0-1

[Event "AUTO-INT-3955"]
[Site "http://www.queenalice.com/game.php?id=1867047"]
[Date "2025.12.13"]
[Round "1"]
[White "Yanni"]
[Black "Piondanslevent"]
[Result "0-1"]
[WhiteElo "1465"]
[BlackElo "1496"]

1. e4 d6 2. Bb5+ c6 3. Bc4 b5 4. Bd3 e5 5. Nf3 Nf6 6. Nc3 a6 7. h3 Be7 8. a3 O-O
9. O-O Bb7 10. Ng5 a5 11. Qf3 d5 12. Ne2 dxe4 13. Bxe4 Qc7 14. d3 Na6 15. Ng3
Nxe4 16. N3xe4 c5 17. Qh5 h6 18. Nf3 Bxe4 19. dxe4 c4 20. Qg4 g6 21. Nh4 Kh7 22.
f4 h5 23. Qg3 Bd6 24. f5 gxf5 25. Nxf5 Rg8 26. Bg5 Bf8 27. Qh4 Qc5+ 28. Rf2 Kg6
29. Ng3 Rh8 30. Rf1 Ra7 31. Kh2 c3 32. Rf6+ Kg7 33. Rxf7+ Rxf7 34. Nf5+ Kg8 35.
Nh6+ Bxh6 36. Bf6 Rhh7 37. Qg3+ Bg7 38. Qg5 Qd6 39. Bxe5 Qxe5+ 40. Qxe5 Bxe5+
41. Kg1 Rf4 42. Re1 Nc5 43. bxc3 Nxe4 44. c4 Bd4+ 45. Kh2 bxc4 46. g3 Rf2+ 47.
Kg1 Rxc2+ 48. Kh1 Nxg3# 0-1

[Event "Challenge"]
[Site "http://www.queenalice.com/game.php?id=1869365"]
[Date "2026.2.17"]
[Round "-"]
[White "Piondanslevent"]
[Black "okiwiz"]
[Result "0-1"]
[WhiteElo "1511"]
[BlackElo "1813"]

1. d4 c5 2. dxc5 Qa5+ 3. c3 Qxc5 4. e3 Nf6 5. Nf3 Nc6 6. Bd3 e5 7. Bc2 d5 8. O-O
Bd6 9. b4 Qb6 10. a4 O-O 11. b5 Na5 12. Bb2 Nc4 13. Bc1 Bg4 14. h3 Bh5 15. Bb3
Na5 16. g4 Bg6 17. Bc2 Qc7 18. Bxg6 fxg6 19. Bb2 Nc4 20. Bc1 Qd7 21. Kg2 Bc7 22.
Ba3 Nxa3 23. Nxa3 Qd6 24. Qd2 e4 25. Rh1 exf3+ 26. Kxf3 Ne4+ 27. Ke2 Rxf2+ 28.
Kd1 Rxd2+ 29. Kc1 Rf8 30. Nc4 Qc5 31. Nxd2 Qxc3+ 32. Kb1 Nxd2+ 33. Ka2 Qb3# 0-1